000
00307nam a22001457a 4500
008
230522b ||||| |||| 00| 0 eng d
020
_a
9782070456604
041
_a
FRA
080
_a
82
082
_a
82PEN
100
_a
38
101
_a
GJL
245
_a
JOURNAL D'UN CORPS
_c
PENNAC.D
942
_2
udc
_c
BK
999
_c
59792
_d
59792